000 00648nam a2200181Ia 4500
008 151202s9999||||xx |||||||||||||| ||und||
082 _bPNVM-46033
100 _aघाटे निरंजन.
245 _aफार फार वर्षापूर्वी.
260 _bमेहता पब्लिशींग हाऊस पुणे.
260 _c2004
300 _a153
600 _aघाटे निरंजन.
630 _aफार फार वर्षापूर्वी.
700 _aघाटे निरंजन.
730 _aफार फार वर्षापूर्वी.
942 _cBOOK
999 _c1311983
_d1311980